Những chân trời của văn xuôi Xô-viết hiện đại /

Αποθηκεύτηκε σε:
Λεπτομέρειες βιβλιογραφικής εγγραφής
Κύριος συγγραφέας: Nguyễn Hải Hà.
Μορφή: Άρθρο
Γλώσσα:Vietnamese
Θέματα:
Nga
Ετικέτες: Προσθήκη ετικέτας
Δεν υπάρχουν, Καταχωρήστε ετικέτα πρώτοι!
Thư viện lưu trữ: Thư viện Trường Đại học Đà Lạt
LEADER 00801nam a2200265 4500
001 DLU090074476
005 ##20090509
040 # # |a DLU  |b vie 
041 # # |a vie 
044 # # |a vn 
100 # # |a Nguyễn Hải Hà. 
245 # # |a Những chân trời của văn xuôi Xô-viết hiện đại /  |c Nguyễn Hải Hà.  
653 # # |a Nga  
653 # # |a Văn học hiện thực xã hội chủ nghĩa  
653 # # |a Xây dựng chủ nghĩa xã hội 
773 # # |t Tạp chí văn học  |g Số 2, 1983, tr.50-54 
920 # # |a Phòng Tạp chí -- Trung tâm Thông tin - Thư viện Trường Đại học Đà Lạt 
994 # # |a DLU 
900 # # |a True 
911 # # |a Nguyễn Thị Linh Chi 
925 # # |a G 
926 # # |a A 
927 # # |a BB 
980 # # |a Thư viện Trường Đại học Đà Lạt